Sparks of Wisdom (For All Edition) : (Record no. 9454)

MARC details
000 -LEADER
fixed length control field 00603nam a22001817a 4500
003 - CONTROL NUMBER IDENTIFIER
control field OSt
005 - DATE AND TIME OF LATEST TRANSACTION
control field 20260415065031.0
008 - FIXED-LENGTH DATA ELEMENTS--GENERAL INFORMATION
fixed length control field 260415b |||||||| |||| 00| 0 eng d
020 ## - INTERNATIONAL STANDARD BOOK NUMBER
International Standard Book Number 9715980007
040 ## - CATALOGING SOURCE
Original cataloging agency DWCL GS lib
Transcribing agency OC
082 ## - DEWEY DECIMAL CLASSIFICATION NUMBER
Classification number Res.(Fil) 808.81 C227s 2000
100 ## - MAIN ENTRY--PERSONAL NAME
Personal name Canonigo, C.S.
245 ## - TITLE STATEMENT
Title Sparks of Wisdom (For All Edition) :
Remainder of title 1999 Enlarged Edition /
Statement of responsibility, etc. C.S Canonico
260 ## - PUBLICATION, DISTRIBUTION, ETC.
Place of publication, distribution, etc. Cebu City
Name of publisher, distributor, etc. RSO Trading
Date of publication, distribution, etc. c2000.
300 ## - PHYSICAL DESCRIPTION
Extent vii, 212 pages:
Other physical details illustrations
Dimensions 15cm.
546 ## - LANGUAGE NOTE
Language note English
942 ## - ADDED ENTRY ELEMENTS (KOHA)
Source of classification or shelving scheme Dewey Decimal Classification
Koha item type Fiction
Classification part Res.(Fil.) 808.81 C227s 2000
Suppress in OPAC No
952 ## - LOCATION AND ITEM INFORMATION (KOHA)
--
952 ## - LOCATION AND ITEM INFORMATION (KOHA)
--
952 ## - LOCATION AND ITEM INFORMATION (KOHA)
--
952 ## - LOCATION AND ITEM INFORMATION (KOHA)
--
952 ## - LOCATION AND ITEM INFORMATION (KOHA)
--
Holdings
Withdrawn status Lost status Source of classification or shelving scheme Damaged status Not for loan Home library Current library Shelving location Date acquired Source of acquisition Total Checkouts Full call number Barcode Date last seen Copy number Price effective from Koha item type Uniform Resource Identifier
    Dewey Decimal Classification     Grade School Library Grade School Library Reserved 04/15/2026 School Fund, Donation   Res.(Fil.) 808.81 C227s 2000 19932 04/15/2026 c1 04/15/2026 FIC.
    Dewey Decimal Classification     Grade School Library Grade School Library Reserved 04/15/2026 School Fund, Donation   Res.(Fil.) 808.81 C227s 2000 19930 04/15/2026 c2 04/15/2026 FIC.
    Dewey Decimal Classification     Grade School Library Grade School Library Reserved 04/15/2026 School Fund, Donation   Res.(Fil.) 808.81 C227s 2000 19929 04/15/2026 c3 04/15/2026 FIC.
    Dewey Decimal Classification     Grade School Library Grade School Library Reserved 04/15/2026 School Fund, Donation   Res.(Fil.) 808.81 C227s 2000 19928 04/15/2026 c4 04/15/2026 FIC.
    Dewey Decimal Classification     Grade School Library Grade School Library Reserved 04/15/2026 School Fund, Donation   Res.(Fil.) 808.81 C227s 2000 19931 04/15/2026 c5 04/15/2026 FIC.